Water-power development in relation to fishes and mussels of the Mississippi. (Record no. 23220)

MARC details
000 -LEADER
fixed length control field 00929cam a22002651 4500
001 - CONTROL NUMBER
control field f 14000130
003 - CONTROL NUMBER IDENTIFIER
control field DLC
005 - DATE AND TIME OF LATEST TRANSACTION
control field 20260227111248.0
008 - FIXED-LENGTH DATA ELEMENTS--GENERAL INFORMATION
fixed length control field 810717s1914 dcuf f000 0 eng
010 ## - LIBRARY OF CONGRESS CONTROL NUMBER
LC control number f 14000130
035 ## - SYSTEM CONTROL NUMBER
System control number (OCoLC)7594329
040 ## - CATALOGING SOURCE
Original cataloging agency DLC
Transcribing agency WLacU
Modifying agency WLacU
-- NSbSU
-- DLC
042 ## - AUTHENTICATION CODE
Authentication code premarc
043 ## - GEOGRAPHIC AREA CODE
Geographic area code n-usm--
050 00 - LIBRARY OF CONGRESS CALL NUMBER
Classification number SH221
Item number .C6
100 1# - MAIN ENTRY--PERSONAL NAME
Personal name Coker, R. E.
Fuller form of name (Robert Ervin),
Dates associated with a name 1876-1967.
245 10 - TITLE STATEMENT
Title Water-power development in relation to fishes and mussels of the Mississippi.
Statement of responsibility, etc. By Robert E. Coker.
260 ## - PUBLICATION, DISTRIBUTION, ETC.
Place of publication, distribution, etc. Washington,
Name of publisher, distributor, etc. Govt. Print. Off.,
Date of publication, distribution, etc. 1914.
300 ## - PHYSICAL DESCRIPTION
Extent 1 p. l., 28 p.
Other physical details vi pl.
Dimensions 23 cm.
410 10 - SERIES STATEMENT/ADDED ENTRY--CORPORATE NAME [OBSOLETE, CAN/MARC], [LOCAL, USA]
Corporate name or jurisdiction name as entry element United States.
Subordinate unit Bureau of Fisheries.
Title of a work Doc.
Volume number/sequential designation 805
500 ## - GENERAL NOTE
General note "Appendix VIII to the Report of the U. S. Commissioner of Fisheries for 1913."
650 #0 - SUBJECT ADDED ENTRY--TOPICAL TERM
Topical term or geographic name entry element Hydroelectric power plants
Geographic subdivision Mississippi River.
651 #0 - SUBJECT ADDED ENTRY--GEOGRAPHIC NAME
Geographic name Keokuk Dam (Iowa and Illinois)
650 #0 - SUBJECT ADDED ENTRY--TOPICAL TERM
Topical term or geographic name entry element Fishways.

No items available.

Powered by Koha